[Event "GER AM05-B email"]
[Site "GER email"]
[Date "2019.06.19"]
[Round "?"]
[White "Epure, Cristian Ion"]
[Black "Joppich, Ulrich"]
[Result "1/2-1/2"]
[WhiteElo "2474"]
[BlackElo "2464"]
[PlyCount "73"]
[EventDate "2019.??.??"]
[EventType "tourn (corr)"]
[EventRounds "14"]
[EventCountry "GER"]
[SourceTitle "Corr 2022"]
[Source "ChessBase"]
[SourceDate "2021.10.24"]
[SourceVersion "1"]
[SourceVersionDate "2021.10.24"]
[SourceQuality "1"]

1. e4 c5 2. Nf3 d6 3. d4 cxd4 4. Nxd4 Nf6 5. Nc3 a6 6. Be3 e5 7. Nb3 Be6 8. f3 h5 9. Nd5 Bxd5 10. exd5 g6 11. Qd2 Nbd7 12. Be2 Bg7 13. 0-0 b6 14. c4 0-0 15. Kh1 Re8 16. Rae1 Rc8 17. Qd1 a5 18. a4 Qe7 19. Bc1 Rb8 20. Bd3 Qf8 21. Be3 Bh6 22. Bf2 Bg5 23. h4 Bh6 24. Nd2 Nc5 25. Bc2 Kg7 26. Nb1 Qe7 27. Nc3 Rh8 28. Ne2 Qd7 29. Nc3 Rbe8 30. Re2 Qe7 31. g3 Nfd7 32. Rg1 f5 33. Nb5 Ref8 34. Qe1 Qf6 35. Qf1 Kh7 36. Qh3 Kg7 37. Be1 1/2-1/2

[Event "GER AM05-B email"]
[Site "GER email"]
[Date "2019.06.19"]
[Round "?"]
[White "Joppich, Ulrich"]
[Black "Lins, Thomas"]
[Result "1/2-1/2"]
[WhiteElo "2464"]
[BlackElo "2460"]
[PlyCount "47"]
[EventDate "2019.??.??"]
[EventType "tourn (corr)"]
[EventRounds "14"]
[EventCountry "GER"]
[SourceTitle "Corr 2020"]
[Source "ChessBase"]
[SourceDate "2019.09.30"]
[SourceVersion "1"]
[SourceVersionDate "2019.09.30"]
[SourceQuality "1"]

1. d4 d5 2. Nf3 Nf6 3. c4 dxc4 4. e3 e6 5. Bxc4 c5 6. 0-0 a6 7. Bb3 cxd4 8. exd4 Nc6 9. Nc3 Be7 10. Re1 0-0 11. h4 Na5 12. Bc2 b5 13. Ne5 Bb7 14. h5 Nc6 15. Nxc6 Bxc6 16. Bg5 g6 17. hxg6 hxg6 18. Qd3 Qd6 19. d5 exd5 20. Qd4 Bd8 21. Bb3 a5 22. Bh6 Re8 23. Rxe8+ Nxe8 24. Bxd5 1/2-1/2

[Event "GER AM05-B email"]
[Site "GER email"]
[Date "2019.06.19"]
[Round "?"]
[White "Joppich, Ulrich"]
[Black "Reinhart, Kenneth M"]
[Result "1/2-1/2"]
[WhiteElo "2464"]
[BlackElo "2479"]
[PlyCount "62"]
[EventDate "2019.??.??"]
[EventType "tourn (corr)"]
[EventRounds "14"]
[EventCountry "GER"]
[SourceTitle "Corr 2022"]
[Source "ChessBase"]
[SourceDate "2021.10.24"]
[SourceVersion "1"]
[SourceVersionDate "2021.10.24"]
[SourceQuality "1"]

1. d4 Nf6 2. Nf3 e6 3. c4 b6 4. g3 Ba6 5. Qc2 c5 6. d5 exd5 7. cxd5 Bb7 8. Bg2 Nxd5 9. 0-0 Nc6 10. Rd1 Be7 11. Qa4 Nf6 12. Nh4 0-0 13. Nf5 d5 14. Nc3 Nd4 15. Nxd4 cxd4 16. Qxd4 Bc5 17. Qh4 Ne4 18. Qxd8 Raxd8 19. e3 f5 20. Ne2 g5 21. Nd4 Rde8 22. a3 h6 23. Bf1 a5 24. Rb1 Rc8 25. f3 Nd6 26. b4 axb4 27. axb4 Bxd4 28. exd4 Rc3 29. Rd3 Rfc8 30. Rxc3 Rxc3 31. h4 f4 1/2-1/2